The secret life of codes ; (Record no. 2912)

MARC details
000 -LEADER
fixed length control field 01669nam a22002657a 4500
001 - CONTROL NUMBER
control field 2912
003 - CONTROL NUMBER IDENTIFIER
control field FISKH
005 - DATE AND TIME OF LATEST TRANSACTION
control field 20251127083611.0
008 - FIXED-LENGTH DATA ELEMENTS--GENERAL INFORMATION
fixed length control field 240123b cb ||||| |||| 00| 0 eng d
020 ## - INTERNATIONAL STANDARD BOOK NUMBER
International Standard Book Number 9781407107158
040 ## - CATALOGING SOURCE
Original cataloging agency FISKH
Language of cataloging eng
Transcribing agency FISKH
Modifying agency FISKH
050 ## - LIBRARY OF CONGRESS CALL NUMBER
Classification number Z103.3
082 ## - DEWEY DECIMAL CLASSIFICATION NUMBER
Classification number 652.8
100 ## - MAIN ENTRY--PERSONAL NAME
Personal name Poskitt, Kjartan
245 ## - TITLE STATEMENT
Title The secret life of codes ;
Remainder of title It's maths with the laughs added in! /
Statement of responsibility, etc. Kjartan Poskitt ; illustrated by philip Reeve
250 ## - EDITION STATEMENT
Edition statement This edition published in 2010
260 ## - PUBLICATION, DISTRIBUTION, ETC.
Place of publication, distribution, etc. London :
Name of publisher, distributor, etc. Scholastic,
Date of publication, distribution, etc. 2007
300 ## - PHYSICAL DESCRIPTION
Extent 157 pages :
Other physical details illustrations ;
Dimensions 20 cm
490 ## - SERIES STATEMENT
Series statement Murderous Maths
520 ## - SUMMARY, ETC.
Summary, etc. Did you ever want to send a message that only your friend can read? Or did you want to try and uncover a secret communication from someone else? If so, then here's everything you need to know about creating and cracking codes--from the simplest substitution messages to the secrets of the well-known World War II coding contraption, the amazing Enigma Machine! The book includes information about: Substitution codes Scrambling codes Codes containing unrecognizable symbols Other message systems such as Morse code and flags And how to make your own Enigma machine! You'll be thrilled as this amusing book takes you on a codebreaking adventure, learning ways to decode both simple and difficult puzzles, as well as provides you with a history on the cryptology. Filled with tips and enjoyable illustrations by Ian Baker, Codes will have you sending secret messages in no time.
650 ## - SUBJECT ADDED ENTRY--TOPICAL TERM
Topical term or geographic name entry element Murderous Maths
Form subdivision Nonfiction
650 ## - SUBJECT ADDED ENTRY--TOPICAL TERM
Topical term or geographic name entry element Codes
700 ## - ADDED ENTRY--PERSONAL NAME
Personal name Reeve, Philip
Relator term illustrator
942 ## - ADDED ENTRY ELEMENTS (KOHA)
Source of classification or shelving scheme Dewey Decimal Classification
Koha item type Books
Suppress in OPAC No
Holdings
Withdrawn status Lost status Source of classification or shelving scheme Damaged status Not for loan Collection Home library Current library Shelving location Date acquired Total Checkouts Full call number Barcode Date last seen Copy number Price effective from Koha item type
    Dewey Decimal Classification     Non-Fiction Footprints International School Library Network Toul Kork Campus Footprints International School Library Network Toul Kork Campus   01/23/2024   POS 652.8 Z103.3 FISTK03933 01/23/2024 1 01/23/2024 Books
    Dewey Decimal Classification     Non-Fiction Footprints International School Library Network Toul Tom Poung Campus Footprints International School Library Network Toul Tom Poung Campus TTP Secondary Non-Fiction Bookshelves 11/25/2025   POS 652.8 Z103.3 FISSE00079 11/25/2025 2 11/25/2025 Books